000 00318nam a2200133 i 4500
001 bg
245 0 _aRukovodstvo k laboratornym zanjatijam po fizike.
250 _aIzd.2 dopol. i pererob.
260 _aMoskva,
_c1973.
040 _cBPK
041 _apol
942 _cKS
008 s pl f |000 0 pol
999 _c25946
_d25946
856 _uhttp://koha.tu.koszalin.pl/cgi-bin/koha/opac-detail.pl?biblionumber=25946
_yKatalog online BPK